|
|
|
|
| LEADER |
00000nas a2200000 a 4500 |
| 001 |
ssj0001549 |
| 003 |
WaSeSS |
| 005 |
20200512172242.0 |
| 006 |
m d |
| 007 |
cr n |
| 008 |
980429c19829999iluqr pss | a0eng |
| 010 |
|
|
|a 2011202372
|
| 022 |
|
|
|a 2163-5226
|y 0730-9295
|
| 035 |
|
|
|a (WaSeSS)ssj0001549
|
| 037 |
|
|
|b American Library Association, 50 E. Huron St., Chicago, IL 60611
|
| 040 |
|
|
|a FGA
|b eng
|c FGA
|d OCL
|d OCLCQ
|d NYDWH
|d MUQ
|d OCLCQ
|d SHS
|d TOH
|d SINLB
|d BLBSF
|d DLC
|d OCLCQ
|d GUA
|d CUS
|d VRC
|d OCLCQ
|d OCLCF
|d COO
|d OCLCO
|d OCLCQ
|d ZAC
|d OCLCQ
|d WY@
|d OCLCQ
|d UUM
|d OCLCO
|d CRU
|d MOW
|d OCLCQ
|d U3W
|d OCLCO
|d OCLCQ
|d AU@
|d OCLCO
|d WYU
|d OCLCO
|d AUD
|d OCLCA
|d VT2
|d OCLCQ
|d OCLCO
|d OCLCA
|d WaSeSS
|
| 042 |
|
|
|a pcc
|a nsdp
|
| 050 |
1 |
4 |
|a Z678.9.A1
|b I53
|
| 060 |
0 |
0 |
|a Z 699.A1 J86
|
| 082 |
1 |
0 |
|a 025
|2 14
|
| 130 |
0 |
|
|a Information technology and libraries (Online)
|
| 210 |
0 |
|
|a Infor. technol. libr.
|b (Online)
|
| 222 |
|
0 |
|a Information technology and libraries
|b (Online)
|
| 245 |
1 |
0 |
|a Information technology and libraries
|h [electronic resource].
|
| 260 |
|
|
|a Chicago :
|b American Library Association
|
| 310 |
|
|
|a Quarterly
|
| 362 |
1 |
|
|a Began with vol. 1, no. 1 (Mar. 1982).
|
| 506 |
|
|
|a License restrictions may limit access.
|
| 538 |
|
|
|a Mode of access: World Wide Web.
|
| 588 |
|
|
|a Description based on: Vol. 11, issue 1 (Mar. 1992); title from available issues screen (viewed Apr. 28, 1998).
|
| 588 |
|
|
|a Latest issue consulted: Vol. 31, no. 1 (2012) (Boston College website, viewed Mar. 15, 2012).
|
| 650 |
|
0 |
|a Information science
|v Periodicals.
|
| 650 |
|
0 |
|a Libraries
|x Automation
|v Periodicals.
|
| 650 |
|
2 |
|a Computers.
|
| 650 |
|
2 |
|a Information Systems.
|
| 650 |
|
2 |
|a Library Science.
|
| 650 |
|
6 |
|a Sciences de l'information
|v Périodiques.
|
| 650 |
|
6 |
|a Bibliothèques
|x Automatisation
|v Périodiques.
|
| 650 |
|
7 |
|a Information science.
|2 fast
|0 (OCoLC)fst00972640
|
| 650 |
|
7 |
|a Libraries
|x Automation.
|2 fast
|0 (OCoLC)fst00997347
|
| 650 |
1 |
7 |
|a INFORMATION SCIENCE.
|2 unbist
|
| 650 |
1 |
7 |
|a LIBRARY AUTOMATION.
|2 unbist
|
| 655 |
|
0 |
|a Electronic journals.
|
| 776 |
0 |
8 |
|i Print version, -2011:
|t Information technology and libraries
|x 0730-9295
|w (DLC) 82645170
|w (OCoLC)8144340
|
| 780 |
0 |
0 |
|t Journal of library automation (Online)
|w (OCoLC)48134509
|
| 856 |
4 |
0 |
|z Full text available from Research Library: 12/01/1987 to 12/31/2011
|u https://search.proquest.com/publication/37730
|
| 856 |
4 |
0 |
|z Full text available from Research Library: 03/01/2012 to present
|u https://search.proquest.com/publication/1156335
|